voc 4 espagnol - Statistiques

Statistiques générales
  • Ce quiz a été pris 75 fois
    53 depuis la dernière actualisation
  • Le résultat moyen est 21 sur 34
Statistiques - réponses
Hint Réponse % Correct
premier primero
100%
un uno
90%
avec des amis con amigos
85%
quatre cuatro
80%
douze doce
80%
deux dos
80%
neuf nueve
80%
six seis
80%
troisième tercero
80%
trois tres
80%
une fête una fiesta
80%
cinq cinco
78%
dix diez
78%
huit ocho
78%
onze once
78%
sept siete
78%
les numéros los números
75%
quinze quince
70%
deuxième segundo
70%
treize trece
70%
zéro cero
65%
les mois los meses
65%
quatorze catorce
60%
habiter vivir
60%
les sept jours de la semaine los siete dias de la semana
50%
un appartement un piso
38%
partager compartir
30%
septieme séptimo
18%
sixieme sexto
18%
quatrième cuarto
15%
huitieme octavo
15%
neuvieme noveno
13%
cinquieme quinto
13%
dixieme décimo
5%
Aucun quiz correspondant
Distribution des résultats
% des personnes avec chaque résultat
Percentile par nombre de réponses
Votre historique - résultats
Vous n’avez pas pris ce quiz depuis la dernière actualisation